The revenue stamps of Ireland (Record no. 2823)

000 -LEADER
fixed length control field 00494nam a22000977a 4500
008 - FIXED-LENGTH DATA ELEMENTS--GENERAL INFORMATION
fixed length control field 181001b ||||| |||| 00| 0 eng d
100 ## - MAIN ENTRY--AUTHOR'S NAME
Author's Name Feldman, David
245 ## - TITLE STATEMENT
Title The revenue stamps of Ireland
260 ## - PUBLICATION, DISTRIBUTION, ETC. (IMPRINT)
Place of publication, distribution, etc. Dublin, Ireland
Name of publisher, distributor, etc. David Feldman Ltd.
Date of publication, distribution, etc. 1972?
650 ## - TOPICAL TERM (Tag)
Topical term or geographic name Ireland | Revenues | Specimens | Overprints and Surcharges | Cinderella Material | Dealer Publications | Catalogs and Price Lists | Production | Production -- Sheets and Panes | Plate Blocks and Numbers | Marginal Markings and Imprints
Holdings
Withdrawn status Lost status Source of classification or shelving scheme Damaged status Koha normalized classification for sorting Not for loan Permanent Location Current Location Shelving location Date acquired Total Checkouts Full call number Barcode Date last seen Copy number Price effective from Public note
        V5781 R451 F312   Northern Philatelic Library Northern Philatelic Library Vertical File 10/01/2018   V5781 R451 F312 1005213 10/01/2018 1 10/01/2018 Bruce Johnson Donation

Powered by Koha